| 000 | 00427cam a2200145 a 4500 | ||
|---|---|---|---|
| 082 |
_a301 _bSHA/B |
||
| 100 | _aShanmugam Pillai, M Ed. | ||
| 245 | 1 | 4 |
_aBandit brothers : _bthe story of cantan attevan / _cedited by M Shanmugam Pillai |
| 246 | _aThe bandit brothers | ||
| 260 |
_aMadras : _bInstitute of Asian Studies, _c1993. |
||
| 300 | _a277p. : | ||
| 490 | _aPublication no 30 | ||
| 650 | _aAnthropology | ||
| 942 |
_cBK _2ddc |
||
| 999 |
_c730748 _d730748 |
||